00221nam a2200097Ia 4500008004100000100001200041245003900053260000900092942000700101999001500108190216s9999||||xx |||||||||||||| ||und|| aRao R V 0aCottage And Small Scale Industries bNull cBK c9169d9169